| 000 | 00652pam a2200205 a 4500 | ||
|---|---|---|---|
| 020 | _a0333607309 | ||
| 020 | _a0312120559 | ||
| 040 | _cDLC | ||
| 082 | 0 | 0 | _a620 ST. 1994 A040 Or. |
| 100 | 1 | _aLastres, Helena Maria Martins. | |
| 245 | 1 | 4 | _aThe advanced materials revolution and the Japanese system of innovation / |
| 260 |
_aNew YorK : _bSt. Martin's Press, _c1994. |
||
| 300 |
_axviii, 246 p. : _bill. ; _c22 cm. |
||
| 650 | 0 | _aMaterials | |
| 650 | 0 | _aMaterials | |
| 650 | 0 | _aHigh technology | |
| 856 | 4 | 2 | _uhttp://www.loc.gov/catdir/description/hol054/94016019.html |
| 856 | 4 | 1 | _uhttp://www.loc.gov/catdir/toc/hol052/94016019.html |
| 942 | _cEK | ||
| 999 |
_c11860 _d11860 |
||